| 000 | 00546nam a22001817a 4500 | ||
|---|---|---|---|
| 003 | BD-DhUL | ||
| 005 | 20181126153918.0 | ||
| 008 | 181126s1969 pk ||||| |||| 000 0 urd d | ||
| 040 |
_aBD-DhUL _cBD-DhUL |
||
| 082 |
_a891.43109 _bMAR |
||
| 100 | 0 | _aملک محمد عظیم۔ | |
| 245 | 0 |
_aرہ وادئ خیال / _cملک محمد عظیم۔ |
|
| 246 | _aRah Wadi Kheyal. | ||
| 260 |
_aلاهور : _bمیری لائیبریری، _c۱۹۶۹۔ |
||
| 300 |
_aص۔ ۲۶۷ ؛ _c۱۸ سم۔ |
||
| 650 | 4 | _aUrdu literature. | |
| 942 |
_2ddc _cBK |
||
| 999 |
_c244806 _d244806 |
||